| Tag |
First Indicator |
Second Indicator |
Subfields |
| LEADER |
00000cam a2200000 a 4500 |
| 001 |
in00000069286 |
| 005 |
20151008053325.0 |
| 008 |
810916s1981 enka b 001 0 eng |
| 010 |
|
|
|a 81015452
|
| 020 |
|
|
|a 0521245575
|
| 020 |
|
|
|a 9780521245579
|
| 029 |
1 |
|
|a NLGGC
|b 811504670
|
| 029 |
1 |
|
|a NZ1
|b 2688428
|
| 029 |
1 |
|
|a AU@
|b 000002097826
|
| 035 |
|
|
|a (OCoLC)ocm07837745
|
| 035 |
|
|
|a (OCoLC)07837745
|
| 035 |
|
|
|9 AAH7055AM
|
| 035 |
|
|
|a (OCoLC)7837745
|
| 040 |
|
|
|a DLC
|c DLC
|d MUQ
|d OCLCG
|d CRU
|d UtOrBLW
|
| 049 |
|
|
|a TXAM
|
| 050 |
1 |
4 |
|a QL951
|b .J6 v.65 1981 Suppl.
|
| 082 |
0 |
|
|a 591.3/3
|2 19
|
| 090 |
|
|
|a QL971
|b .G84
|
| 245 |
0 |
0 |
|a Growth and the development of pattern /
|c edited by R.M. Gaze [and others].
|
| 264 |
|
1 |
|a Cambridge ;
|a New York :
|b Cambridge University Press,
|c 1981.
|
| 300 |
|
|
|a 325 pages :
|b illustrations ;
|c 25 cm.
|
| 336 |
|
|
|a text
|b txt
|2 rdacontent
|
| 337 |
|
|
|a unmediated
|b n
|2 rdamedia
|
| 338 |
|
|
|a volume
|b nc
|2 rdacarrier
|
| 500 |
|
|
|a Suppl. to Journal of embryology and experimental morphology, volume 65.
|
| 500 |
|
|
|a "Papers presented in relation to a discussion meeting held under the auspices of the Company of Biologists Limited ... Sussex, U.K., from 26th to 29th June 1981."
|
| 500 |
|
|
|a "Papers presented in relation to a discussion meeting held under the auspices of the Company of Biologists Limited ... Sussex, U.K., from 26th to 29th June 1981"--Title page.
|
| 504 |
|
|
|a Includes bibliographies and index.
|
| 650 |
|
0 |
|a Morphogenesis.
|
| 650 |
|
0 |
|a Cell differentiation.
|
| 650 |
|
0 |
|a Regeneration (Biology)
|
| 650 |
|
6 |
|a Morphogenèse.
|
| 650 |
|
6 |
|a Cellules
|x Différenciation.
|
| 650 |
|
6 |
|a Régénération (Biologie)
|
| 700 |
1 |
|
|a Gaze, R. M.
|q (Raymond Michael)
|
| 710 |
2 |
|
|a Company of Biologists.
|
| 730 |
0 |
|
|a Journal of embryology and experimental morphology.
|n V. 65 (Supplement)
|
| 994 |
|
|
|a C0
|b TXA
|
| 999 |
|
|
|a MARS
|
| 999 |
f |
f |
|s c608aa99-c772-3876-bc27-4c7be1784b70
|i d97f41d7-b66c-3b24-8413-c1153ce64960
|t 0
|
| 952 |
f |
f |
|p ric
|a Texas A&M University
|b Rellis Campus
|c Joint Library Facility
|d Remote Storage
|t 0
|e QL971 .G84
|h Library of Congress classification
|i unmediated -- volume
|m A14805948836
|
| 998 |
f |
f |
|a QL971 .G84
|t 0
|l Remote Storage
|